[Event "IECG CP.2005.P.00078"]
[Site "IECG email"]
[Date "2005.10.24"]
[Round "?"]
[White "Zarate, Miguel"]
[Black "McAndrew, Harry"]
[Result "0-1"]
[WhiteElo "999"]
[BlackElo "1653"]
[PlyCount "128"]
[EventDate "2005.10.01"]
[EventType "tourn (corr)"]
[EventRounds "6"]
[SourceTitle "Corr 2008"]
[Source "ChessBase"]
[SourceDate "2008.06.24"]
[SourceVersion "1"]
[SourceVersionDate "2008.06.24"]
[SourceQuality "1"]

1. c4 Nf6 2. Nc3 e5 3. Nf3 e4 4. Ng5 b5 5. d3 bxc4 6. dxe4 h6 7. Nf3 Nc6 8. e3 Bb4 9. Bxc4 Qe7 10. 0-0 Bxc3 11. bxc3 0-0 12. a4 Nxe4 13. Qc2 Nf6 14. Nd4 Ne5 15. Be2 Bb7 16. Ba3 d6 17. f3 Nd5 18. Nf5 Qe6 19. c4 Ne7 20. Nxe7+ Qxe7 21. e4 c5 22. Rfd1 a5 23. Rab1 Rad8 24. Qc3 f5 25. exf5 Rxf5 26. Re1 Rdf8 27. Qxa5 Bxf3 28. Bxf3 Nxf3+ 29. gxf3 Qf7 30. Qc3 Rxf3 31. Qb2 Qf4 32. Qg2 Rxa3 33. Rb7 Qd4+ 34. Kh1 Kh8 35. Rg1 Rg8 36. Ra7 Rc3 37. a5 Rxc4 38. a6 Ra4 39. Rf1 c4 40. Qc6 Qxa7 41. Qxa4 Rc8 42. Qb5 c3 43. Qb7 Qxb7+ 44. axb7 Rb8 45. Rc1 Rxb7 46. Rxc3 Rd7 47. Kg2 Kg8 48. Rf3 Rf7 49. Ra3 Kf8 50. Re3 Re7 51. Rd3 Rd7 52. Re3 Kf7 53. Kf2 d5 54. Kf3 d4 55. Rd3 Kf6 56. Kf4 Rd6 57. Ke4 g5 58. Rh3 Kg6 59. Kd3 g4 60. Rg3 Kg5 61. Rg1 Kh4 62. Rg3 h5 63. Rg2 Kh3 64. Ra2 h4 0-1

[Event "IECC Swiss-480.4"]
[Site "IECC email"]
[Date "2005.10.04"]
[Round "?"]
[White "Basson, Heinrich"]
[Black "Zarate, Miguel"]
[Result "1-0"]
[WhiteElo "1833"]
[BlackElo "1482"]
[PlyCount "71"]
[EventDate "2005.??.??"]
[EventType "swiss (corr)"]
[EventRounds "1"]
[SourceTitle "Corr 2008"]
[Source "ChessBase"]
[SourceDate "2008.06.24"]
[SourceVersion "1"]
[SourceVersionDate "2008.06.24"]
[SourceQuality "1"]

1. e4 c6 2. d4 d5 3. e5 Bf5 4. Nf3 e6 5. Be2 Ne7 6. 0-0 c5 7. dxc5 Nec6 8. Be3 Nd7 9. Bb5 Bxc5 10. Bxc5 Nxc5 11. Nd4 0-0 12. Bxc6 bxc6 13. b4 Na4 14. c3 Bxb1 15. Qxa4 Bd3 16. Rfe1 c5 17. bxc5 Qc7 18. Qc6 Rfc8 19. Qxc7 Rxc7 20. Red1 Bg6 21. c6 Re8 22. Rac1 f6 23. c4 dxc4 24. Rxc4 Rec8 25. Re1 fxe5 26. Rxe5 Bf5 27. f3 h5 28. Kf2 g6 29. Ke3 Kf7 30. Ra5 Kf6 31. Ra6 Rb8 32. a4 Rb2 33. Rc3 e5 34. Nb5 Rxb5 35. axb5 Ke7 36. Rca3 1-0

[Event "IECC Swiss-478.3"]
[Site "IECC email"]
[Date "2005.01.16"]
[Round "?"]
[White "Zarate, Miguel"]
[Black "Baker, Matt"]
[Result "1-0"]
[WhiteElo "1391"]
[BlackElo "1615"]
[PlyCount "63"]
[EventDate "2005.??.??"]
[EventType "swiss (corr)"]
[EventRounds "1"]
[SourceTitle "Corr 2020"]
[Source "ChessBase"]
[SourceDate "2019.09.30"]
[SourceVersion "1"]
[SourceVersionDate "2019.09.30"]
[SourceQuality "1"]
[WhiteTeam "Argentina"]
[BlackTeam "United States"]
[WhiteTeamCountry "ARG"]
[BlackTeamCountry "USA"]

1. e4 e5 2. Nf3 Nc6 3. Bc4 Nf6 4. d3 Be7 5. 0-0 0-0 6. Re1 d6 7. c3 Na5 8. Bb5 a6 9. Ba4 b5 10. Bc2 c5 11. Nbd2 Qc7 12. Nf1 Re8 13. Ne3 Be6 14. Ng5 d5 15. Nxe6 fxe6 16. exd5 exd5 17. Qf3 Rad8 18. Nf5 d4 19. Qg3 Nh5 20. Nh6+ Kf8 21. Qf3+ Nf6 22. Ng4 Kg8 23. Bd2 Nxg4 24. Qxg4 Bf6 25. cxd4 Rxd4 26. Qf3 Rf8 27. Qh3 Nb7 28. Be3 Rh4 29. Qe6+ Kh8 30. Qxa6 e4 31. g3 exd3 32. Bxd3 1-0

[Event "IECC Swiss-478.2"]
[Site "IECC email"]
[Date "2004.06.12"]
[Round "?"]
[White "Echegaray, Matias"]
[Black "Zarate, Miguel"]
[Result "0-1"]
[WhiteElo "1771"]
[BlackElo "1281"]
[PlyCount "86"]
[EventDate "2004.??.??"]
[EventType "swiss (corr)"]
[EventRounds "1"]
[SourceTitle "Corr 2020"]
[Source "ChessBase"]
[SourceDate "2019.09.30"]
[SourceVersion "1"]
[SourceVersionDate "2019.09.30"]
[SourceQuality "1"]
[WhiteTeam "Argentina"]
[BlackTeam "Argentina"]
[WhiteTeamCountry "ARG"]
[BlackTeamCountry "ARG"]

1. e4 e5 2. Nf3 Nc6 3. Bb5 a6 4. Ba4 Nf6 5. 0-0 Bc5 6. h3 b5 7. Bb3 0-0 8. d3 h6 9. c3 d6 10. a4 Bb7 11. axb5 axb5 12. Rxa8 Bxa8 13. Na3 b4 14. Nc4 bxc3 15. bxc3 Qd7 16. d4 exd4 17. cxd4 Bb4 18. d5 Na5 19. Nxa5 Bxa5 20. Bc2 Re8 21. Ba4 c6 22. Bd2 Bxd2 23. Nxd2 Nxe4 24. Re1 Nc3 25. dxc6 Bxc6 26. Rxe8+ Qxe8 27. Bxc6 Qxc6 28. Qe1 d5 29. Nf3 Ne4 30. Nd4 Qa4 31. Nf5 Kh7 32. f3 Nf6 33. Qg3 g6 34. Qe5 gxf5 35. Qxf6 Qd7 36. Kf2 d4 37. Ke1 Qe6+ 38. Qxe6 fxe6 39. f4 Kg6 40. Ke2 Kf6 41. Kd3 e5 42. g4 fxg4 43. hxg4 exf4 0-1

[Event "IECC Swiss-484.1"]
[Site "IECC email"]
[Date "2004.04.30"]
[Round "?"]
[White "Leenders, Chris"]
[Black "Zarate, Miguel"]
[Result "1/2-1/2"]
[WhiteElo "1881"]
[BlackElo "1266"]
[PlyCount "75"]
[EventDate "2004.??.??"]
[EventType "swiss (corr)"]
[EventRounds "1"]
[SourceTitle "Corr 2020"]
[Source "ChessBase"]
[SourceDate "2019.09.30"]
[SourceVersion "1"]
[SourceVersionDate "2019.09.30"]
[SourceQuality "1"]
[WhiteTeam "Netherlands"]
[BlackTeam "Argentina"]
[WhiteTeamCountry "NED"]
[BlackTeamCountry "ARG"]

1. d4 Nf6 2. Bg5 d5 3. Nc3 Nbd7 4. f3 e6 5. e4 Be7 6. Bd3 Nxe4 7. fxe4 Bxg5 8. exd5 exd5 9. Qe2+ Qe7 10. Nxd5 Qxe2+ 11. Nxe2 Kd8 12. 0-0 Nf6 13. Nxf6 Bxf6 14. c3 Bg4 15. Ng3 h5 16. Ne4 Rh6 17. Bc4 Ke8 18. Rae1 Kf8 19. Ng5 Re8 20. Rxe8+ Kxe8 21. Nxf7 Rg6 22. Ne5 Rg5 23. Bf7+ Kf8 24. Nxg4 hxg4 25. Be6 g3 26. hxg3 Rxg3 27. Bc8 b6 28. Kf2 Rd3 29. Ke2 Rg3 30. Bb7 Ke7 31. a4 Kd6 32. Bf3 Rg5 33. g4 c5 34. Kd3 cxd4 35. cxd4 b5 36. Ra1 bxa4 37. Rxa4 a5 38. Kc4 1/2-1/2

[Event "IECC KO-5038"]
[Site "IECC email"]
[Date "2004.03.22"]
[Round "?"]
[White "Paas, Christian"]
[Black "Zarate, Miguel"]
[Result "1-0"]
[WhiteElo "1519"]
[BlackElo "1281"]
[PlyCount "105"]
[EventDate "2003.??.??"]
[EventType "match (corr)"]
[EventRounds "2"]
[SourceTitle "Corr 2020"]
[Source "ChessBase"]
[SourceDate "2019.09.30"]
[SourceVersion "1"]
[SourceVersionDate "2019.09.30"]
[SourceQuality "1"]
[WhiteTeam "Germany"]
[BlackTeam "Argentina"]
[WhiteTeamCountry "GER"]
[BlackTeamCountry "ARG"]

1. d4 Nf6 2. Nc3 d5 3. Bf4 e6 4. e3 Be7 5. Bd3 a6 6. Nh3 0-0 7. a3 c5 8. 0-0 Nc6 9. Be2 b5 10. dxc5 Bxc5 11. b4 Bd6 12. Bxd6 Qxd6 13. f4 d4 14. Ng5 Rd8 15. Nce4 Nxe4 16. Nxe4 Qc7 17. exd4 Nxd4 18. Bd3 Bb7 19. Nc5 Bc6 20. Qg4 a5 21. c3 Nf5 22. Bxf5 exf5 23. Qxf5 axb4 24. cxb4 Rd2 25. Rf2 Rad8 26. Re1 Rxf2 27. Kxf2 Rd2+ 28. Re2 Rxe2+ 29. Kxe2 Bxg2 30. Kf2 Bc6 31. Ke3 g6 32. Qf6 Qc8 33. Kd4 Qa8 34. Qd6 Bg2 35. Nd7 Qa7+ 36. Ke5 Qa8 37. Qb8+ Qxb8+ 38. Nxb8 Kg7 39. Na6 f6+ 40. Kd6 g5 41. fxg5 f5 42. Ke5 Kg6 43. Kf4 Bd5 44. Nc5 Bc4 45. a4 bxa4 46. Nxa4 Bd3 47. Nc3 h6 48. h4 hxg5+ 49. hxg5 Kf7 50. b5 Ke6 51. b6 Kd6 52. Nd5 Ba6 53. g6 1-0

[Event "IECG CF.2004.0.00055 email"]
[Site "IECG email"]
[Date "2004.02.01"]
[Round "1"]
[White "Zarate, Miguel"]
[Black "Castellano, Antonio Jr"]
[Result "1-0"]
[WhiteElo "931"]
[BlackElo "1002"]
[PlyCount "91"]
[EventDate "2004.02.01"]
[EventType "tourn (corr)"]
[EventRounds "6"]
[SourceTitle "Corr 2008"]
[Source "ChessBase"]
[SourceDate "2008.06.24"]
[SourceVersion "1"]
[SourceVersionDate "2008.06.24"]
[SourceQuality "1"]

1. e4 e5 2. Nc3 Nc6 3. g3 Nf6 4. Bg2 Bb4 5. Nge2 0-0 6. 0-0 d6 7. d3 Bg4 8. h3 Bh5 9. g4 Bg6 10. a3 Bc5 11. Be3 Bxe3 12. fxe3 Ne7 13. Ng3 c6 14. h4 h6 15. d4 Qb6 16. b4 exd4 17. exd4 Nxg4 18. Na4 Qb5 19. Qxg4 Qxa4 20. h5 Bh7 21. Rf2 Rad8 22. c3 Qb3 23. Ne2 d5 24. e5 Bd3 25. Qf3 Qb2 26. Raf1 Bxe2 27. Rxe2 Qxa3 28. Bh3 f6 29. Be6+ Kh8 30. Rg2 Qb3 31. Qg3 Rg8 32. Bxg8 Rxg8 33. Qh4 Qxc3 34. exf6 Qe3+ 35. Kh1 Qd3 36. Qf4 Qh3+ 37. Rh2 Qe6 38. fxe7 Qxe7 39. Rg2 Re8 40. Rg6 a6 41. Rfg1 Qe4+ 42. Qxe4 Rxe4 43. R6g4 Re7 44. Rf4 Kg8 45. Rgf1 Kh8 46. Rf7 1-0

[Event "IECC Swiss-473.1"]
[Site "IECC email"]
[Date "2003.10.10"]
[Round "?"]
[White "Zarate, Miguel"]
[Black "Sensabaugh, Gene"]
[Result "1-0"]
[WhiteElo "1165"]
[BlackElo "1644"]
[PlyCount "81"]
[EventDate "2003.??.??"]
[EventType "swiss (corr)"]
[EventRounds "1"]
[SourceTitle "Corr 2020"]
[Source "ChessBase"]
[SourceDate "2019.09.30"]
[SourceVersion "1"]
[SourceVersionDate "2019.09.30"]
[SourceQuality "1"]
[WhiteTeam "Argentina"]
[BlackTeam "United States"]
[WhiteTeamCountry "ARG"]
[BlackTeamCountry "USA"]

1. d4 Nf6 2. c4 g6 3. Nc3 d5 4. Nf3 Bg7 5. Qb3 dxc4 6. Qxc4 0-0 7. e4 Nc6 8. Be2 Bg4 9. d5 Na5 10. Qb4 Bxf3 11. Bxf3 c6 12. 0-0 cxd5 13. exd5 Rc8 14. Re1 Re8 15. Be3 b6 16. Rad1 Nc4 17. Bf4 Qd7 18. Be2 Nd6 19. Bxd6 exd6 20. Bb5 Rxe1+ 21. Rxe1 Qd8 22. Bc6 Rc7 23. h3 Re7 24. Nd1 Rxe1+ 25. Qxe1 Nd7 26. b4 Ne5 27. b5 Qg5 28. Qe3 Qxe3 29. Nxe3 Kf8 30. Kf1 Ke7 31. Ke2 Nd7 32. Bxd7 Kxd7 33. Kd3 h5 34. Ke4 Bh6 35. Nc4 Kc7 36. g4 hxg4 37. hxg4 Bg5 38. f4 Bh4 39. f5 Bg3 40. fxg6 fxg6 41. Nb2 1-0

[Event "IECG CP.2003.P.00071 email"]
[Site "IECG email"]
[Date "2003.10.01"]
[Round "?"]
[White "Zarate, Miguel"]
[Black "Wantiez, Fabrice"]
[Result "0-1"]
[WhiteElo "800"]
[BlackElo "2189"]
[PlyCount "96"]
[EventDate "2003.10.01"]
[EventType "tourn (corr)"]
[EventRounds "6"]
[EventCountry "POR"]
[SourceTitle "Corr 2008"]
[Source "ChessBase"]
[SourceDate "2008.06.24"]
[SourceVersion "1"]
[SourceVersionDate "2008.06.24"]
[SourceQuality "1"]

1. Nf3 Nf6 2. d4 g6 3. c4 Bg7 4. Nc3 d5 5. Qb3 dxc4 6. Qxc4 0-0 7. e4 Bg4 8. Be3 Nfd7 9. Qb3 Nb6 10. Rd1 e6 11. Be2 Nc6 12. e5 a5 13. a3 a4 14. Qc2 Bf5 15. Bd3 Ne7 16. 0-0 Ned5 17. Bg5 Qd7 18. Bxf5 exf5 19. Rfe1 Rfe8 20. Re2 Nxc3 21. bxc3 Qd5 22. Rde1 Bf8 23. h4 Bxa3 24. h5 Bf8 25. Nh4 a3 26. g4 fxg4 27. hxg6 hxg6 28. Nxg6 Re6 29. Nf4 Qd7 30. Nxe6 Qxe6 31. Qa2 Qxa2 32. Rxa2 Nd5 33. Bd2 c5 34. Rb1 b6 35. Rb5 Ra4 36. Kf1 f6 37. exf6 Kf7 38. Ke2 Kxf6 39. Kd3 Kf5 40. c4 Nb4+ 41. Bxb4 Rxb4 42. dxc5 Bxc5 43. Rxb4 Bxb4 44. Re2 Kf4 45. Ra2 Kf3 46. Kc2 Bc5 47. Kb3 Bxf2 48. Kxa3 g3 0-1

[Event "IECC Swiss-471.1"]
[Site "IECC email"]
[Date "2003.09.02"]
[Round "?"]
[White "Dvoinikov, Andrej"]
[Black "Zarate, Miguel"]
[Result "1-0"]
[WhiteElo "1744"]
[BlackElo "1120"]
[PlyCount "77"]
[EventDate "2003.??.??"]
[EventType "swiss (corr)"]
[EventRounds "1"]
[SourceTitle "Corr 2020"]
[Source "ChessBase"]
[SourceDate "2019.09.30"]
[SourceVersion "1"]
[SourceVersionDate "2019.09.30"]
[SourceQuality "1"]
[WhiteTeam "Russia"]
[BlackTeam "Argentina"]
[WhiteTeamCountry "RUS"]
[BlackTeamCountry "ARG"]

1. e4 e5 2. Nf3 Nc6 3. Bb5 a6 4. Ba4 Nf6 5. 0-0 Be7 6. Re1 b5 7. Bb3 d6 8. c3 0-0 9. h3 h6 10. d4 Re8 11. Nbd2 Bf8 12. Nf1 Bd7 13. Ng3 Na5 14. Bc2 c5 15. b3 Nc6 16. d5 Ne7 17. Be3 Ng6 18. Qd2 Qc8 19. a4 Bxh3 20. gxh3 Qxh3 21. Bd3 Nh5 22. Bf1 Qg4 23. Nh2 Qh4 24. Nxh5 Qxh5 25. axb5 axb5 26. Bxb5 Reb8 27. Rxa8 Rxa8 28. Qe2 Qh4 29. Qg4 Qf6 30. Nf3 Be7 31. b4 cxb4 32. Bc6 Ra3 33. cxb4 Bd8 34. b5 Bb6 35. Bxb6 Rxf3 36. Be3 Nh4 37. Ra1 Kh7 38. b6 g6 39. b7 1-0

[Event "IECG QN.2003.0.00260 email "]
[Site "IECG email"]
[Date "2003.02.03"]
[Round "?"]
[White "Val, Paulo"]
[Black "Zarate, Miguel"]
[Result "0-1"]
[WhiteElo "800"]
[BlackElo "800"]
[PlyCount "78"]
[EventDate "2003.02.03"]
[EventType "tourn (corr)"]
[EventRounds "6"]
[SourceTitle "Corr 2008"]
[Source "ChessBase"]
[SourceDate "2008.06.24"]
[SourceVersion "1"]
[SourceVersionDate "2008.06.24"]
[SourceQuality "1"]

1. e4 e5 2. Nf3 Nc6 3. Bb5 a6 4. Ba4 Nf6 5. 0-0 Be7 6. Re1 b5 7. Bb3 0-0 8. d4 d6 9. c3 Bg4 10. Qd3 Bxf3 11. Qxf3 exd4 12. Qg3 dxc3 13. Nxc3 Ne5 14. Bd1 Re8 15. Bh6 Bf8 16. Bg5 Be7 17. Bc2 Qd7 18. f4 Ng6 19. Rad1 Qg4 20. Qxg4 Nxg4 21. f5 Bxg5 22. fxg6 hxg6 23. Nd5 Rac8 24. Nb4 Be3+ 25. Kf1 Bc5 26. Nd5 c6 27. Nc3 Ne3+ 28. Rxe3 Bxe3 29. Rxd6 Red8 30. Rxd8+ Rxd8 31. g3 Rd2 32. Bd1 b4 33. Na4 Rxh2 34. Be2 a5 35. b3 Rh1+ 36. Kg2 Ra1 37. Bc4 Rxa2+ 38. Kf3 Ba7 39. Kg4 Kf8 0-1

[Event "IECG QN.2003.0.00260 email "]
[Site "IECG email"]
[Date "2003.02.03"]
[Round "?"]
[White "Zarate, Miguel"]
[Black "Hughes, Stephen J"]
[Result "0-1"]
[WhiteElo "800"]
[BlackElo "800"]
[PlyCount "56"]
[EventDate "2003.02.03"]
[EventType "tourn (corr)"]
[EventRounds "6"]
[SourceTitle "Corr 2008"]
[Source "ChessBase"]
[SourceDate "2008.06.24"]
[SourceVersion "1"]
[SourceVersionDate "2008.06.24"]
[SourceQuality "1"]

1. d4 Nf6 2. c4 g6 3. Nc3 Bg7 4. g3 d5 5. cxd5 Nxd5 6. e4 Nxc3 7. bxc3 c5 8. Be3 Nc6 9. Bb5 Qa5 10. Bxc6+ bxc6 11. Ne2 Bh3 12. Rg1 0-0 13. g4 cxd4 14. Bxd4 Rfd8 15. Rg3 c5 16. Rxh3 cxd4 17. Qc2 Rac8 18. Rd1 dxc3 19. Rhd3 h6 20. h3 Rxd3 21. Rxd3 Rb8 22. Nxc3 Rc8 23. Kd2 Qg5+ 24. Ke2 Qc5 25. Kd2 Qxf2+ 26. Kd1 Qf1+ 27. Kd2 Be5 28. Qd1 Bxc3+ 0-1